[Event "BL 2017-18"]
[Site "Germany"]
[Date "2018.04.29"]
[Round "13.7"]
[White "Tomczak, Jacek"]
[Black "Landa, Konstantin"]
[Result "1/2-1/2"]
[WhiteElo "2583"]
[BlackElo "2604"]
[Annotator "TA"]
[PlyCount "71"]
[EventDate "2018.05.24"]
[EventType "team-tourn"]
[EventCountry "GER"]
[SourceTitle "playchess.com"]
[Source "ChessBase"]
[SourceQuality "1"]
[WhiteTeam "SFR Berlin"]
[BlackTeam "Muelheim"]

{[%evp 12,71,41,35,47,40,46,46,45,41,43,39,46,34,35,34,43,29,66,8,41,10,19,20,34,0,50,-8,-8,0,0,-5,-2,-4,-4,-4,0,0,0,0,0,0,0,0,0,-8,0,0,0,0,0,0,0,0,0,0,0,0,0,0,0,0]} 1. e4 e5 2. Nf3 Nf6 3. Nxe5 d6 4. Nf3 Nxe4 5. c4 Be7 6. d4 Ng5 {C42: Petroff Defence: 3 Nxe5 and unusual White 3rd moves} (6... d5 7. Nc3 Nxc3 8. bxc3 Be6 9. cxd5 Bxd5 10. Bd3 O-O 11. O-O Bf6 12. Be3 Re8 13. Rb1 b6 14. c4 Bb7 {½-½ (39) Ponkratov,P (2605)-Kuzubov,Y (2695) Amol 2018}) 7. Nc3 {LiveBook: 4 Games} Bg4 8. Be2 Nxf3+ {White is slightly better.} 9. Bxf3 Bxf3 10. Qxf3 Nc6 11. Be3 O-O 12. h4 $146 ({Predecessor:} 12. O-O Bg5 13. Qh5 Bf6 14. Rad1 g6 {1-0 (55) Georgiev,K (2453)-Karkanaque,I (2383) Kallithea 2008}) 12... Qd7 13. h5 Rae8 14. O-O-O Bd8 {[%cal Be7d8,Bd8f6,Bf6d4][%mdl 32]} 15. Bf4 ({Better is} 15. h6 $14 g6 16. c5) 15... f5 16. c5 dxc5 17. dxc5 Qf7 18. Qd5 Bf6 19. Qxf7+ (19. Bxc7 $14 Bxc3 20. bxc3) 19... Rxf7 $11 {The position is equal.} 20. Nd5 Bd4 21. Rd2 Bxc5 22. Bxc7 Nb4 23. Nxb4 {[#] Hoping for Bd6.} Bxb4 24. Rc2 Rfe7 {( -> ...Re1+)} 25. Rd1 Rc8 (25... Re1 $5 26. Rc4 $8 Rxd1+ 27. Kxd1 Re1+ 28. Kc2 Re2+ 29. Kb3 Be7 $11) 26. Bg3 Rxc2+ 27. Kxc2 {[%mdl 4096] Endgame KRB-KRB} Re2+ 28. Kb3 Be7 29. Rc1 $1 Bf6 30. Rc2 Rxc2 31. Kxc2 {KB-KB} Kf7 32. b3 Ke6 33. f3 g6 34. hxg6 hxg6 35. Kd3 Kd5 36. Bf2 {Precision: White = 52%, Black = 63%.} 1/2-1/2

[Event "BL 2017-18"]
[Site "Germany"]
[Date "2018.04.29"]
[Round "13.7"]
[White "Gerigk, Erasmus"]
[Black "Carlstedt, Jonathan"]
[Result "1/2-1/2"]
[WhiteElo "2345"]
[BlackElo "2432"]
[Annotator "TA"]
[PlyCount "117"]
[EventDate "2018.05.24"]
[EventType "team-tourn"]
[EventCountry "GER"]
[SourceTitle "playchess.com"]
[Source "ChessBase"]
[SourceQuality "1"]
[WhiteTeam "Zugzwang Muenchen"]
[BlackTeam "Hamburg SK"]

{[%evp 24,117,-11,-28,50,37,56,64,37,11,58,41,48,49,97,92,170,160,178,138,137,147,147,157,184,177,262,260,264,249,241,243,300,284,288,280,279,249,242,242,235,221,266,264,244,240,313,306,304,320,386,377,330,286,540,541,506,527,508,514,396,342,417,343,344,192,528,526,516,508,581,114,492,0,12,12,12,0,12,0,0,0,0,0,8,8,31,0,0,0,0,0,0,0,0,0]} 1. e4 e5 2. Nf3 Nc6 3. Bc4 Bc5 4. d3 Nf6 5. c3 a6 6. Bb3 d6 7. O-O Ba7 8. Re1 h6 {C54: Giuoco Piano: 4 c3 Nf6, main lines with 5 d4 and 5 d3} (8... O-O 9. h3 h6 10. Nbd2 Re8 11. Nf1 Be6 12. Bc2 d5 13. Qe2 dxe4 14. dxe4 Qe7 15. Ng3 Rad8 16. Nh4 Qf8 17. Nhf5 Ne7 18. Ne3 Ng6 19. Ngf5 Nf4 {½-½ (38) Giri,A (2752)-Carlsen,M (2834) Wijk aan Zee 2018}) 9. Nbd2 g5 10. Nf1 g4 11. N3d2 {[%cal Bf3d2,Bd2c4,Bc4e3,Be3d5][%mdl 32]} h5 12. Nc4 h4 13. Be3 {LiveBook: 10 Games} Nh5 ({Better is} 13... h3 $1 $11) 14. Bxa7 Rxa7 15. Nce3 $146 ({Predecessor:} 15. d4 Qg5 16. dxe5 {½-½ (58) Krause,B (2453)-Naiditsch,A (2702) Germany 2018}) 15... Qg5 16. Nd5 g3 17. fxg3 hxg3 18. hxg3 b5 19. Qf3 Na5 (19... a5 $16 {keeps fighting.}) 20. Bd1 $1 $36 {[%mdl 2048] aiming for Qf2. Black is under strong pressure.} c6 21. Qe3 Qxe3+ 22. Ndxe3 Nb7 23. d4 {[%cal Bd3d4,Bd4d5][%mdl 32]} Nd8 24. a4 Re7 (24... Nf6 $142 25. Nd2 Kf8) 25. axb5 axb5 26. Bxh5 Rxh5 27. d5 c5 28. Ra8 Rc7 29. Rb8 Bd7 30. Kf2 Ra7 31. g4 Rh4 32. g3 Rh6 33. Nf5 $1 {[%cal Rf5h6]} Bxf5 34. gxf5 Ra5 35. b4 cxb4 36. cxb4 Ra7 37. Rxb5 f6 38. Rc1 Nf7 $2 (38... Rhh7 39. Rb8 Rhb7 40. Rxb7 Rxb7) 39. Ra5 Rb7 40. Rc8+ Kd7 41. Rg8 Kc7 42. Rg6 Rh7 43. Ra4 Ng5 44. Nd2 (44. Ke3 $142) 44... Rh2+ $2 (44... Kb6 {is tougher.}) 45. Ke3 Rg2 46. Rg7+ Kb8 {[#]} 47. Rg8+ $1 Kc7 {[#]} 48. Rg7+ $2 (48. Raa8 $1 $18 {Threatening mate with Rg7+.} Rxg3+ 49. Kf2 Nxe4+ 50. Nxe4 Rxg8 51. Rxg8 Rxb4 52. Ke3) 48... Kb8 $11 49. Rxb7+ Kxb7 {[%mdl 4096] Endgame KRN-KRN} 50. b5 Kb6 51. Rb4 Rxg3+ 52. Ke2 Rh3 53. Rb1 Rh2+ 54. Kd3 Rh3+ 55. Kc2 Nf3 {Hoping for ...Rh2.The position is equal.} 56. Nxf3 Rxf3 57. Kd2 Ra3 58. Ke2 Rc3 59. Kd2 {Precision: White = 72%, Black = 44%.} 1/2-1/2

[Event "BL 2017-18"]
[Site "Germany"]
[Date "2018.04.29"]
[Round "13.8"]
[White "Edouard, Romain"]
[Black "Boensch, Uwe"]
[Result "1-0"]
[WhiteElo "2613"]
[BlackElo "2563"]
[Annotator "TA"]
[PlyCount "85"]
[EventDate "2018.05.24"]
[EventType "team-tourn"]
[EventCountry "GER"]
[SourceTitle "playchess.com"]
[Source "ChessBase"]
[SourceQuality "1"]
[WhiteTeam "Werder Bremen"]
[BlackTeam "Dresden"]

{[%evp 11,85,22,67,55,103,78,79,80,111,81,106,117,153,133,135,142,198,180,213,132,143,138,1098,97,104,60,145,148,142,85,78,97,75,34,35,36,49,45,47,47,42,19,26,37,29,23,35,31,66,66,70,75,64,76,89,91,177,185,190,191,227,171,456,456,454,454,410,410,386,378,451,443,422,416,381,302]} 1. e4 c5 2. Nf3 e6 3. d4 cxd4 4. Nxd4 Nc6 5. Nc3 d6 6. Be3 Nge7 {LiveBook: 11 Games} 7. Be2 {B54: Sicilian: 2...d6 3 d4 cxd4 4 Nxd4, Unusual Lines} Ng6 (7... Nxd4 8. Qxd4 Nc6 9. Qd2 a6 10. f4 Qc7 11. Bf3 b5 12. O-O-O Bb7 13. Kb1 Rc8 14. g4 Na5 {½-½ (118) Saric,I (2628)-Fedorchuk,S (2656) Bastia 2013}) 8. Qd2 $146 ({Predecessor:} 8. O-O Be7 9. Qd2 O-O 10. f4 e5 11. Nxc6 bxc6 12. f5 Nh8 13. Rf3 Bf6 14. g4 h6 15. Rh3 Bh4 16. Bxh6 gxh6 17. Qxh6 Bf6 18. Qh7# {1-0 (18) Mueller,M-Friedrich,M Osnabrueck 1994}) 8... Be7 9. O-O-O {White is better.} a6 10. Kb1 Bd7 11. f4 O-O 12. Nf3 b5 {[#]} 13. h4 $1 {[%cal Bh2h4,Bh4h5][%mdl 544]} Qa5 (13... Re8 $16 14. h5 Nf8) (13... Bxh4 14. Qxd6) 14. h5 $18 b4 15. Nd5 ({Much less strong is} 15. hxg6 $6 fxg6 16. Nd5 exd5 $16) 15... exd5 16. hxg6 fxg6 $2 {[%mdl 8192] [#]} (16... dxe4 $16 17. gxh7+ Kh8) 17. Qxd5+ $2 (17. Bb6 $1 $18 {[%mdl 512] is the precise move to win.}) 17... Qxd5 $16 18. exd5 Na5 (18... Nd8 $1 $14) 19. Nd4 Rfc8 20. Ne6 (20. g4 $142) 20... Nc4 21. Bd4 Bf6 22. Bf3 Bxd4 23. Rxd4 Ra7 24. Be4 a5 25. Rh3 Nb6 26. g4 (26. Re3 {looks sharper.} Rc4 27. Rd1 Rc8 28. g4 Be8 29. b3) 26... Rc4 27. Rxc4 Nxc4 28. Kc1 $36 {[%mdl 2048] Black is under pressure.} Nb6 29. b3 Bxe6 30. dxe6 $14 {[%mdl 4096] Endgame KRB-KRN} d5 31. Bd3 Re7 32. f5 gxf5 33. gxf5 {aiming for Rxh7!} Nc8 (33... g6 $16) 34. Kd2 $18 g6 35. Rg3 ({Don't take} 35. fxg6 $6 hxg6 36. Bxg6 Rxe6 $16) 35... Nd6 36. fxg6 Ne4+ $2 (36... h6) 37. Bxe4 $1 dxe4 38. gxh7+ Kxh7 {KR-KR} 39. Rg5 Rxe6 40. Rxa5 e3+ 41. Ke2 Rc6 42. Kxe3 Rxc2 43. Ra4 {Precision: White = 66%, Black = 37%.} 1-0

[Event "BL 2017-18"]
[Site "Germany"]
[Date "2018.04.29"]
[Round "13.8"]
[White "Beerdsen, Thomas"]
[Black "Schneider, Ilja"]
[Result "1/2-1/2"]
[WhiteElo "2447"]
[BlackElo "2513"]
[Annotator "TA"]
[PlyCount "64"]
[EventDate "2018.05.24"]
[EventType "team-tourn"]
[EventCountry "GER"]
[SourceTitle "playchess.com"]
[Source "ChessBase"]
[SourceQuality "1"]
[WhiteTeam "Muelheim"]
[BlackTeam "SFR Berlin"]

{[%evp 13,64,22,27,0,25,21,14,0,-8,-68,-75,-65,-75,-75,-74,-55,-71,-98,-28,-24,43,-61,-62,-63,-65,-54,-71,-61,-64,-56,-62,-54,-61,-61,-61,-71,-50,-47,-11,-11,0,0,0,0,0,0,0,0,0,0,0,0,0]} 1. e4 d5 2. exd5 Qxd5 3. Nc3 Qa5 4. d4 Nf6 5. Bc4 Nc6 6. Nge2 Bg4 7. f3 {B01: Scandinavian Defence} (7. O-O O-O-O 8. Be3 e5 9. d5 Nb4 10. Bg5 c6 11. a3 Nbxd5 12. Nxd5 cxd5 13. Bb3 h6 14. Bxf6 gxf6 15. Qe1 Qxe1 16. Rfxe1 {1-0 (49) Harikrishna,P (2744)-Ivanchuk,V (2726) Huaian 2017}) 7... Be6 {LiveBook: 18 Games} 8. Bb5 O-O-O 9. Bxc6 {White has an edge.} bxc6 10. O-O $146 ({Predecessor:} 10. Bd2 Qa6 11. O-O c5 12. dxc5 Bc4 13. Qe1 e5 14. Be3 Nd5 15. Nxd5 Rxd5 {½-½ (33) Socko,M (2479)-Sulskis,S (2537) Grodzisk Mazowiecki 2007}) 10... Bc4 11. Qe1 (11. b3 $11 Bxe2 12. Nxe2) 11... e5 $15 12. Be3 Bb4 $36 {[%mdl 2048] Keeping White busy.} 13. Qf2 Bxc3 14. bxc3 Nd5 15. Rfe1 Rhe8 ({Much worse is} 15... Nxc3 $6 16. Nxc3 Qxc3 17. dxe5 $14) (15... Nxe3 $17 16. Qxe3 Rhe8) 16. Ng3 $11 Nxc3 (16... Nxe3 $11 17. Rxe3 exd4 18. cxd4 f5) 17. dxe5 (17. Bd2 $1 $14) 17... Rxe5 $15 18. Bd2 {With the idea Ne4.} Red5 19. Bxc3 Qxc3 20. Qxa7 Ra5 21. Qe3 Qxe3+ 22. Rxe3 Rxa2 23. Rxa2 Bxa2 {[%mdl 4096] Endgame KRB-KRN} 24. Kf2 Be6 25. Ne4 Bf5 26. Nc5 {The position is equal.} Bxc2 27. Ra3 {[%cal Ra3a8] [#]} Kb8 28. Ra2 Bg6 {Strongly threatening ...Rd5.} 29. Rb2+ Kc8 {aiming for ...Rd5.} 30. Ra2 {[%cal Ra2a8]} Kb8 {...Rd5 is the strong threat.} 31. Rb2+ Kc8 {White must now prevent ...Rd5.} 32. Ra2 {[%cal Ra2a8] [#]} Kb8 {Precision: White = 72%, Black = 64%.} 1/2-1/2

[Event "BL 2017-18"]
[Site "Germany"]
[Date "2018.04.29"]
[Round "13.8"]
[White "Engel, Luis"]
[Black "Lammers, Markus"]
[Result "1-0"]
[WhiteElo "2406"]
[BlackElo "2305"]
[Annotator "TA"]
[PlyCount "129"]
[EventDate "2018.05.24"]
[EventType "team-tourn"]
[EventCountry "GER"]
[SourceTitle "playchess.com"]
[Source "ChessBase"]
[SourceQuality "1"]
[WhiteTeam "Hamburg SK"]
[BlackTeam "Zugzwang Muenchen"]

{[%evp 14,129,36,27,65,72,75,78,80,85,97,98,118,124,126,83,124,101,92,107,136,125,132,130,150,81,81,77,71,47,58,47,49,52,45,47,51,0,62,43,41,0,0,0,93,42,52,46,47,27,133,125,180,162,179,99,208,143,150,144,213,214,210,212,206,202,215,216,218,151,157,164,187,191,284,293,247,294,298,291,293,289,272,253,291,0,298,0,248,0,272,0,298,298,298,298,298,298,298,298,830,748,692,600,530,437,438,413,682,643,645,524,1283,1246,1781,1729,1318,1203]} 1. e4 e5 2. Nf3 Nf6 3. d4 Nxe4 4. Bd3 d5 5. Nxe5 Bd6 6. O-O O-O 7. c4 c6 8. Nc3 {LiveBook: 25 Games. C43: Petroff Defence: 3 d4} Bf5 (8... Nxc3 9. bxc3 Nd7 10. Nxd7 Qxd7 11. cxd5 cxd5 12. Qh5 g6 13. Qf3 Qc6 14. Bd2 Be6 15. Rab1 Rfb8 16. Rfe1 b5 17. h4 a6 {1-0 (38) Shankland,S (2638)-Stopa,J (2469) Las Vegas 2015}) 9. Qf3 Bxe5 10. dxe5 {White is better.} Bg6 11. Nxe4 dxe4 12. Bxe4 Qd4 $146 ({Predecessor:} 12... Na6 13. Bxg6 hxg6 14. b3 Nc7 15. Ba3 Re8 {1-0 (26) Siger,I (2038)-Cortes,J (982) LSS email 2010}) 13. Bxg6 hxg6 14. Qf4 Rd8 15. Qxd4 Rxd4 16. b3 Nd7 17. Bb2 Rd2 18. Bc3 $1 {[%cal Rc3d2]} Rd3 19. Rac1 (19. Rad1 $142 Rxc3 20. Rxd7) 19... Rd8 $16 20. Rfe1 Nc5 21. Kf1 R3d7 22. Rc2 g5 23. g3 Kh7 24. Ree2 Kg6 25. Rcd2 (25. Red2 $14) 25... Kf5 (25... g4 $11) 26. Rxd7 $14 Rxd7 {[%mdl 4096] Endgame KRB-KRN} 27. Kg2 Rd3 28. Bd2 a6 (28... g4 $11) 29. f3 ({White should play} 29. h3 $16) 29... Ne6 30. g4+ Kg6 31. Rf2 a5 (31... b5 $11 {remains equal.}) 32. Bxa5 $16 Nf4+ (32... Re3 $16 33. Rd2 Rxe5) 33. Kg3 $18 Re3 34. Rd2 (34. Bd2 $1 $18 {[%cal Rd2e3]} Ne2+ 35. Kg2 Nf4+ 36. Kf1 Rxe5 37. h4 $1 {[%mdl 512]}) 34... Nd3 (34... Rxe5 $16 {is a better defense.} 35. Rd6+ Ne6) 35. Bb6 c5 36. Kg2 Nf4+ (36... Kh7 $16 37. Bd8 Kg6) 37. Kf2 Rxe5 38. Bc7 Re8 {[#]} 39. h4 $1 {[%cal Bh2h4,Bh4h5][%mdl 544]} Ne6 (39... gxh4 40. Bxf4) 40. h5+ Kf6 41. Ba5 Ke7 42. Bb6 Ra8 {[#] Threatening ...Ra6.} 43. a4 $1 {[%cal Ba2a4,Ba4a5][%mdl 32]} Ra6 (43... Rc8 $142 44. Ke3 f6) 44. a5 Ra8 45. Ke3 Rc8 46. Rd5 Ke8 47. Ke4 Ke7 48. Kf5 Ke8 49. Ke4 Ke7 50. Kf5 $2 ({Better is} 50. Ba7 $18) 50... Rc6 $2 (50... Ke8 $1 $11) 51. Ke4 Rc8 52. Ke3 $2 (52. Ba7 $18) 52... Rc6 $2 {[%mdl 8192]} (52... Ke8 $1 $11 {and Black is okay.}) 53. Kd2 Rc8 54. Kc3 Rc6 55. b4 cxb4+ 56. Kxb4 f6 $2 (56... Ke8 57. Kb5 Rc8) 57. Kb5 Rc8 58. Bc5+ Ke8 {and the idea ...Nc7+ leaves Black hopeful.} 59. Bd6 Rc6 60. Rd1 Nd8 (60... Ra6 $142 61. c5 Kd7 62. Bf8+ Kc7) 61. c5 {White is clearly winning.} Ne6 62. Kc4 Ra6 63. Rb1 Ra7 64. Kd5 Nd8 65. Re1+ {Precision: White = 66%, Black = 47%.} 1-0

[Event "BL 2017-18"]
[Site "Germany"]
[Date "2018.04.29"]
[Round "13.9"]
[White "Dragnev, Valentin"]
[Black "Olszewski, Michal"]
[Result "1-0"]
[WhiteElo "2482"]
[BlackElo "2538"]
[Annotator "TA"]
[PlyCount "81"]
[EventDate "2018.05.24"]
[EventType "team-tourn"]
[EventCountry "GER"]
[SourceTitle "playchess.com"]
[Source "ChessBase"]
[SourceQuality "1"]
[WhiteTeam "Bayern Muenchen"]
[BlackTeam "Norderstedt"]

{[%evp 11,81,27,26,18,25,26,27,37,26,33,27,0,0,0,0,0,17,17,17,14,23,27,13,16,14,12,0,0,1,0,60,60,98,92,272,64,69,72,70,70,201,179,246,152,161,146,145,129,189,191,211,197,187,187,201,182,174,190,190,189,170,201,516,524,614,608,798,831,29997,1488,12826,1598]} 1. d4 Nf6 2. c4 e6 3. Nf3 b6 4. g3 Ba6 5. b3 b5 6. Nbd2 {E15: Queen's Indian: 4 g3 sidelines, 4 g3 Ba6 and 4 g3 Bb7 early deviations} (6. Bg2 bxc4 7. Ne5 Bb4+ 8. Bd2 cxb3 9. axb3 Bxd2+ 10. Qxd2 c6 11. O-O O-O 12. Nc3 Nd5 13. Ne4 Qe7 14. Rfc1 d6 15. Nxc6 Nxc6 16. Rxa6 {1-0 (47) Korobov,A (2652)-Ivanchuk,V (2726) Huaian 2017}) 6... c5 {LiveBook: 3 Games} 7. e4 {[%cal Be2e4,Be4e5][%mdl 32]} bxc4 8. bxc4 {White has an edge.} cxd4 $146 ({Predecessor:} 8... Qa5 9. e5 Ne4 10. Bg2 Nc6 11. O-O Nc3 12. Qe1 Rb8 13. dxc5 Bxc5 {0-1 (43) Cvetkovic,N (2179)-Panic,N (2342) Vrnjacka Banja 2006}) 9. e5 Ng4 {[%cal Bf6g4,Bg4h6,Bh6f5][%mdl 32] White must now prevent ...Qa5.} 10. h3 Nh6 11. Bg2 Nc6 12. O-O Nf5 13. Qa4 Qa5 14. Qxa5 Nxa5 {[#]} 15. Nxd4 $1 {[%mdl 512]} Rc8 (15... Nxd4 16. Bxa8) 16. Nxf5 exf5 17. Rd1 Be7 18. Nf3 Nxc4 19. Rb1 Bc5 20. Bf1 Bb6 (20... h6 $11) 21. Nd4 $14 g6 {[#]} 22. Bh6 $1 f6 $2 (22... d5 $16) 23. Bg7 $2 (23. exf6 $18 Kf7 24. Nf3) 23... fxe5 24. Nxf5 gxf5 25. Bxh8 Rc5 (25... d6 $1 $14) 26. Rdc1 Bc7 (26... d6 $142 27. Rc2 e4) 27. Bd3 e4 28. Bd4 Rc6 29. Be2 Bb6 (29... f4 $16) 30. Bxb6 $18 axb6 31. Rb4 {[%cal Rc1c4]} d5 32. Rd1 Rc5 33. Bxc4 Bxc4 34. Rxb6 {[%mdl 4096] Endgame KRR-KRB} Be2 35. Rdb1 d4 {[#]} 36. Rb7 $1 Bd3 $2 (36... Kd8 37. Rxh7 Kc8 38. Rh8+ Kc7) 37. R1b6 Rc1+ 38. Kh2 e3 39. Rxh7 {Rb8+ would kill now.} Rc8 40. fxe3 (40. Rbb7 $142 Bc4 41. Rh8+ Bg8 42. Rxg8#) 40... dxe3 41. Re6+ {Precision: White = 71%, Black = 40%.} 1-0

[Event "BL 2017-18"]
[Site "Germany"]
[Date "2018.04.29"]
[Round "13.9"]
[White "Schreiner, Peter"]
[Black "Feygin, Michael"]
[Result "1/2-1/2"]
[WhiteElo "2465"]
[BlackElo "2493"]
[Annotator "TA"]
[PlyCount "63"]
[EventDate "2018.05.24"]
[EventType "team-tourn"]
[EventCountry "GER"]
[SourceTitle "playchess.com"]
[Source "ChessBase"]
[SourceQuality "1"]
[WhiteTeam "SFR Berlin"]
[BlackTeam "Muelheim"]

{[%evp 17,63,12,9,13,33,33,38,45,34,29,35,25,27,13,60,57,59,29,29,27,23,9,13,7,8,6,5,6,7,0,5,1,12,8,17,3,5,0,8,4,8,0,5,0,0,0,0,0]} 1. Nf3 d5 2. d4 Nf6 3. c4 e6 4. g3 Bb4+ 5. Bd2 a5 6. Bg2 O-O 7. O-O dxc4 {E11: Bogo-Indian} 8. a3 (8. Bg5 h6 9. Bxf6 Qxf6 10. a3 Bd6 11. Nc3 Nc6 12. Rc1 e5 13. d5 Nd4 14. Nxd4 exd4 15. Ne4 {0-1 (66) Ding,L (2777)-Wang,H (2709) Huaian 2017}) 8... Bxd2 9. Nbxd2 b5 $1 {LiveBook: 5 Games} 10. b3 c3 $146 ({Predecessor:} 10... cxb3 11. Qxb3 c6 12. Rfc1 Bb7 13. Qb2 Qe7 14. Ne5 Nd5 15. Nb3 {1-0 (52) Boensch,U (2523)-Landa,K (2613) Germany 2009}) 11. Nb1 $1 Bb7 {[#] Hoping for ...b4.} 12. Nxc3 b4 13. axb4 axb4 14. Rxa8 Bxa8 15. Na4 Nbd7 16. Qd2 Bd5 17. Qxb4 Qb8 18. Qxb8 Rxb8 19. Ne5 {With the idea Nxd7.} Bxb3 {The position is equal.} 20. Nxd7 Nxd7 21. Bc6 Bxa4 22. Bxa4 $11 {[%mdl 4096] Endgame KRB-KRN} Nf6 23. Bc6 Kf8 24. Rc1 Ke7 25. Bf3 Kd8 26. h4 Rb2 27. Rc5 h6 28. Ra5 Rc2 29. g4 Ke7 30. Kg2 Nd7 31. e3 c5 32. dxc5 {Precision: White = 36%, Black = 66%.} 1/2-1/2

[Event "BL 2017-18"]
[Site "Germany"]
[Date "2018.04.29"]
[Round "13.9"]
[White "Vogel, Roven"]
[Black "Hracek, Zbynek"]
[Result "1-0"]
[WhiteElo "2434"]
[BlackElo "2583"]
[Annotator "TA"]
[PlyCount "71"]
[EventDate "2018.05.24"]
[EventType "team-tourn"]
[EventCountry "GER"]
[SourceTitle "playchess.com"]
[Source "ChessBase"]
[SourceQuality "1"]
[WhiteTeam "Dresden"]
[BlackTeam "Werder Bremen"]

{[%evp 16,71,151,156,154,144,150,154,154,168,153,136,177,177,191,175,183,152,202,197,213,202,194,198,216,219,215,157,151,170,340,345,320,331,340,358,331,285,254,254,486,381,471,473,595,584,602,588,587,585,574,560,560,551,628,614,1922,1768]} 1. d4 Nf6 2. Bf4 d5 3. e3 c5 4. dxc5 (4. Nd2 Nc6 5. c3 Bf5 6. Ngf3 e6 7. Be2 Bd6 8. dxc5 Bxc5 9. Nd4 Bg6 10. Qa4 O-O 11. Nxc6 bxc6 12. Qxc6 Rc8 13. Qa4 Re8 14. O-O e5 {0-1 (57) Le,Q (2737)-Ding,L (2777) Riadh 2017}) 4... e6 5. b4 a5 6. c3 {D00: 1 d4 d5: Unusual lines} axb4 7. cxb4 b6 8. Bxb8 Rxb8 {[#]} 9. Bb5+ $1 {LiveBook: 3 Games} Ke7 10. c6 Qd6 11. Qb3 $146 ({Predecessor:} 11. a3 Ne8 {0-1 (46) Lombaers,P (2327)-Gonzalez Perez,A (2461) Leiria 2017}) 11... Ne8 12. Nc3 Nc7 13. Nf3 g6 14. O-O Bg7 15. a4 Rd8 16. Rac1 Ra8 17. Be2 Bxc3 18. Rxc3 e5 19. Ra1 Bg4 20. Rcc1 f6 21. Nd4 Bxe2 22. Nxe2 d4 $2 (22... b5) 23. exd4 $18 exd4 24. Qh3 h5 25. Qd3 Kf7 26. Rc4 Ne6 27. Rd1 Rxa4 $2 (27... Qe5 {was called for.} 28. c7 (28. Nxd4 b5 $15) 28... Nxc7) 28. c7 Rc8 {[#]} 29. Qb3 $1 {White is clearly winning.} ({Not} 29. Nxd4 b5 $16) 29... Ra7 30. Nxd4 Raxc7 31. Rxc7+ Rxc7 32. Nb5 $1 {[%csl LRc7,LRd6]} Qc6 33. Nxc7 Qxc7 34. Qd5 Ke7 35. h4 Nf4 36. Re1+ {Precision: White = 87%, Black = 44%.} 1-0

[Event "BL 2017-18"]
[Site "Germany"]
[Date "2018.04.29"]
[Round "13.10"]
[White "Trent, Lawrence"]
[Black "Studer, Noel"]
[Result "1/2-1/2"]
[WhiteElo "2440"]
[BlackElo "2463"]
[Annotator "TA"]
[PlyCount "98"]
[EventDate "2018.05.24"]
[EventType "team-tourn"]
[EventCountry "GER"]
[SourceTitle "playchess.com"]
[Source "ChessBase"]
[SourceQuality "1"]
[WhiteTeam "Norderstedt"]
[BlackTeam "Bayern Muenchen"]

{[%evp 19,98,0,0,0,33,0,0,2,0,0,0,-26,-15,-3,0,0,0,0,0,-40,-36,-46,0,-18,13,13,0,12,60,52,75,45,37,-81,-91,-84,-85,-83,-84,-62,-79,-80,-40,-31,-23,-69,-78,-173,-91,-108,-143,-392,-399,-1030,-979,-896,-129,-104,-4,-8,-36,-35,-40,-45,-39,-870,-702,-5485,-5443,-1760,-346,-361,-360,-4710,0,0,0,0,0,0,0]} 1. e4 e6 2. d4 d5 3. Nd2 c5 4. exd5 Qxd5 5. dxc5 Qxc5 6. Ngf3 {C07: French Tarrasch: 3...c5, 4 Ngf3 and 4 exd5 Qxd5} Nf6 7. Bd3 Nbd7 8. O-O Be7 9. a4 {[%cal Ba2a4,Ba4a5][%mdl 32]} Qc7 10. Nb3 O-O {LiveBook: 7 Games} 11. a5 Re8 $146 ({Predecessor:} 11... Nd5 12. c3 N7f6 13. Re1 {0-1 (69) McShane,L (2647)-Skoberne,J (2563) Batumi 2018}) 12. Ra4 e5 13. Rc4 Qb8 14. Re1 b5 15. Rh4 Bb7 16. Ng5 {[%cal Rg5h7]} Nf8 17. Bxb5 {Bc4 is the strong threat.} Rd8 $1 {[%cal Rd8d1]} 18. Qe2 $1 h6 19. Nf3 Ng6 20. Rh3 a6 21. Bc4 e4 22. Nh4 Nxh4 23. Rxh4 Qe5 24. c3 h5 25. Bf4 Qf5 26. Nd4 (26. Be3 $14 {stays ahead.}) 26... Rxd4 $1 $17 27. cxd4 {aiming for Be5.} g5 28. Bxg5 Qxg5 29. Rh3 Bd6 {[%mdl 1024] Black has compensation.} 30. Rb3 Bc8 31. Rb6 Bf4 32. h4 (32. Bxa6 $2 Bxh2+ $1 {[%mdl 512]} 33. Kf1 (33. Kxh2 $2 Qh4+ 34. Kg1 Ng4 $19) 33... Bh3 $1 $19 {[%mdl 512]}) 32... Qg7 $1 33. b4 (33. Bxa6 $6 Bg4 $11) (33. Kh1 $17) 33... Bh3 (33... Bg4 $19 34. Qf1 Bd2) 34. Qf1 {Black must now prevent Rxf6!} Kh8 $1 $40 {[%mdl 128] And now ...Rg8 would win. Black has strong attack.} 35. Kh1 $2 {[#]} (35. Rxa6 $2 Rg8 $19) (35. Re3 $17 Bf5 36. Rc3 (36. Rxa6 Rxa6 37. Bxa6 Ng4 $17)) 35... Bf5 $1 $19 36. Qe2 $2 (36. Bxa6 Nd5 37. Bb7 Nxb6 38. Bxa8 Nxa8 39. Qe2) 36... Rg8 {[%csl Gg8][%cal Rg7g2]} 37. Rg1 Bg4 $2 (37... e3 $19 {and Black stays clearly on top.} 38. Bxf7 Qxf7) 38. Qf1 $17 Ne8 (38... Qf8 $17 39. Rb7 (39. Rxa6 $2 Qe7 $19) (39. Rxf6 $2 Qd8 $19) 39... Nd7) 39. Be2 $1 $11 Qxd4 40. Bxg4 Rxg4 {[%cal Rg4h4]} 41. g3 e3 42. fxe3 $2 {[%mdl 8192]} (42. Qa1 $15 Qg7 43. Qxg7+ Kxg7 44. Rf1) 42... Qxe3 43. Qe1 {[#]} Qf3+ $1 44. Rg2 Be3 $2 (44... Bxg3 45. Qxe8+ Kg7) 45. Qe2 Qe4 ({Worse is} 45... Rxg3 46. Qxf3 Rxf3 47. Re2 $16) 46. Rxa6 $2 (46. Qc2 Bxb6 47. axb6) 46... Ng7 $2 (46... Rxg3 $19 {[%cal Rg3h3]} 47. Rh6+ Kg8 48. Rxh5 Ng7) 47. Qc2 {Strongly threatening Qxe4.The position is equal.} Qf3 48. Qe2 $1 {[%cal Re2f3]} Qe4 {( -> ...Rxg3)} 49. Qc2 {Hoping for Qxe4.} Qf3 {Precision: White = 40%, Black = 52%.} 1/2-1/2